Alle Nederlandse Dorpen en Steden per Gemeente - Overijssel - Statistics

General Stats
  • This quiz has been taken 20 times
  • The average score is 37 of 148
Answer Stats
Gemeente Dorp/Stad % Correct
Ommen Ommen
94%
Dalfsen Dalfsen
89%
Zwolle Zwolle
89%
Deventer Deventer
83%
Enschede Enschede
83%
Kampen Kampen
83%
Rijssen-Holten Rijssen
83%
Almelo Almelo
78%
Hellendoorn Hellendoorn
78%
Rijssen-Holten Holten
78%
Losser Losser
78%
Olst-Wijhe Olst
78%
Raalte Raalte
78%
Staphorst Staphorst
78%
Olst-Wijhe Wijhe
78%
Borne Borne
72%
Hardenberg Hardenberg
72%
Wierden Wierden
72%
Haaksbergen Haaksbergen
67%
Tubbergen Tubbergen
67%
Hengelo Hengelo
61%
Hellendoorn Nijverdal
61%
Steenwijkerland Steenwijk
61%
Raalte Heino
56%
Oldenzaal Oldenzaal
56%
Wierden Enter
44%
Zwartewaterland Genemuiden
44%
Dalfsen Nieuwleusen
44%
Dinkelland Ootmarsum
44%
Zwartewaterland Zwartsluis
44%
Hof van Twente Diepenheim
39%
Losser Glane
39%
Enschede Glanerbrug
39%
Zwartewaterland Hasselt
39%
Ommen Lemele
39%
Dalfsen Lemelerveld
39%
Hardenberg Slagharen
39%
Twenterand Vroomshoop
39%
Deventer Bathmen
33%
Deventer Diepenveen
33%
Hof van Twente Goor
33%
Losser Overdinkel
33%
Staphorst Rouveen
33%
Raalte Broekland
28%
Hellendoorn Daarle
28%
Hof van Twente Delden
28%
Dinkelland Denekamp
28%
Tubbergen Geesteren
28%
Hardenberg Gramsbergen
28%
Raalte Heeten
28%
Hardenberg Mariënberg
28%
Raalte Mariënheem
28%
Twenterand Vriezenveen
28%
Hardenberg Bergentheim
22%
Dinkelland Deurningen
22%
Steenwijkerland Giethoorn
22%
Raalte Laag Zuthem
22%
Hardenberg Lutten
22%
Raalte Luttenberg
22%
Hof van Twente Markelo
22%
Raalte Nieuw Heeten
22%
Dinkelland Weerselo
22%
Hardenberg Balkbrug
17%
Steenwijkerland Blokzijl
17%
Enschede Boekelo
17%
Almelo Bornerbroek
17%
Hellendoorn Daarlerveen
17%
Hardenberg Dedemsvaart
17%
Hardenberg De Krim
17%
Losser De Lutte
17%
Twenterand Den Ham
17%
Hellendoorn Haarle
17%
Hof van Twente Hengevelde
17%
Wierden Hoge Hexel
17%
Staphorst IJhorst
17%
Kampen IJsselmuiden
17%
Deventer Lettele
17%
Tubbergen Manderveen
17%
Dalfsen Oudleusen
17%
Tubbergen Reutum
17%
Deventer Schalkhaar
17%
Kampen 's-Heerenbroek
17%
Hardenberg Sibculo
17%
Steenwijkerland Vollenhove
17%
Olst-Wijhe Wesepe
17%
Twenterand Westerhaar-Vriezenveensewijk
17%
Kampen Zalk
17%
Almelo Aadorp
11%
Hof van Twente Bentelo
11%
Hardenberg Kloosterhaar
11%
Enschede Lonneker
11%
Tubbergen Mariaparochie
11%
Deventer Okkenbroek
11%
Steenwijkerland Ossenzijl
11%
Dinkelland Oud Ootmarsum
11%
Hardenberg Rheeze
11%
Dinkelland Rossum
11%
Steenwijkerland Steenwijkerwold
11%
Ommen Vilsteren
11%
Zwolle Windesheim
11%
Hengelo Beckum
6%
Olst-Wijhe Boerhaar
6%
Olst-Wijhe Boskamp
6%
Hardenberg Bruchterveld
6%
Haaksbergen Buurse
6%
Olst-Wijhe Den Nul
6%
Twenterand Geerdijk
6%
Kampen Grafhorst
6%
Tubbergen Harbrinkhoek
6%
Dalfsen Hoonhorst
6%
Tubbergen Langeveen
6%
Raalte Lierderholthuis
6%
Dinkelland Noord Deurningen
6%
Steenwijkerland Oldemarkt
6%
Steenwijkerland Paasloo
6%
Dinkelland Saasveld
6%
Steenwijkerland Sint Jansklooster
6%
Tubbergen Vasse
6%
Olst-Wijhe Welsum
6%
Borne Zenderen
6%
Tubbergen Albergern
0%
Dalfsen Ankum
0%
Ommen Beerzerveld
0%
Steenwijkerland Belt-Schutsloot
0%
Losser Beuningen
0%
Steenwijkerland Blankenham
0%
Twenterand De Pollen
0%
Steenwijkerland Dwarsgracht
0%
Steenwijkerland Eesveen
0%
Tubbergen Fleringen
0%
Steenwijkerland Heetveld
0%
Borne Hertme
0%
Dinkelland Het Stift
0%
Steenwijkerland Kalenberg
0%
Steenwijkerland Kallenkote
0%
Steenwijkerland Kuinre
0%
Dinkelland Lattrop
0%
Kampen Reeve
0%
Steenwijkerland Scheerwolde
0%
Hardenberg Schuinesloot
0%
Haaksbergen St. Isidorushoeve
0%
Dinkelland Tilligte
0%
Steenwijkerland Tuk
0%
Enschede Usselo
0%
Steenwijkerland Wanneperveen
0%
Steenwijkerland Willemsoord
0%
Kampen Wilsum
0%
Steenwijkerland Zuidveen
0%
No matching quizzes found
Score Distribution
Percent of People with Each Score
Percentile by Number Answered
Your Score History
You have not taken this quiz